Low consumption proceedings of an expert panel, Rome, 14th-15th February 1990

Αποθηκεύτηκε σε:
Λεπτομέρειες βιβλιογραφικής εγγραφής
Συγγραφή απο Οργανισμό/Αρχή: Expert Panel on Low Consumption/Low Emission Automobile
Μορφή: Πρακτικό Συνεδρίου Βιβλίο
Γλώσσα:English
Δημοσίευση: Paris : Organisation for Economic Co-operation and Development, 1991
Θέματα:
Ετικέτες: Προσθήκη ετικέτας
Δεν υπάρχουν, Καταχωρήστε ετικέτα πρώτοι!

MARC

LEADER 00000nam a2200000 i 4500
001 1/2160
008 950809s1991 i eng d
020 |a 92-64-13465-4 
035 |l 10014720 
040 |a GR-MY-UA  |b gre  |e aacr 
041 0 |a eng 
082 0 |a 629.253 
245 1 0 |a Low consumption/low emission automobile :  |b proceedings of an expert panel, Rome, 14th-15th February 1990 
260 |a Paris :   |b Organisation for Economic Co-operation and Development,   |c 1991 
300 |a xxvi, 254 p.;  |b ill.;  |c 30 cm 
500 |a Papers presented at the Expert Panel on Low Consumption/Low Emission Automobile held in Rome, 1990 
504 |a Includes bibliographical references 
650 0 0 |a Automobiles  |x Fuel consumption  |x Congresses. 
650 0 0 |a Automobiles  |x Pollution control devices  |x Congresses. 
650 0 0 |a Automobiles  |x Environmental aspects  |x Congresses. 
711 2 |a Expert Panel on Low Consumption/Low Emission Automobile  |d (1990  |c : Rome) 
852 |a INST  |b LESVOS  |e 19950809  |h 629.253 LOW  |p 005100007466  |q 005100007466  |t BK  |y 0 
909 |a Λ  |b 023252